Central Library OPAC University of Rajshahi

Short stories by russian authors / (Record no. 22732)

MARC details
000 -LEADER
fixed length control field 01000cam a22002772 4500
001 - CONTROL NUMBER
control field 22732
003 - CONTROL NUMBER IDENTIFIER
rucl marc code BD-RjUL
005 - DATE AND TIME OF LATEST TRANSACTION
control field 20211209000838.0
008 - FIXED-LENGTH DATA ELEMENTS--GENERAL INFORMATION
fixed length control field 140309r19521924enk 000 1 eng d
035 ## - SYSTEM CONTROL NUMBER
System control number OCLC ocm13231277 from D961030M
-- (BD-RjUL)22797
040 ## - CATALOGING SOURCE
Original cataloging agency MNU
Transcribing agency MNU
Modifying agency DLC
-- OCL
-- EQO
-- BD-RjUL
Language of cataloging eng
041 1# - LANGUAGE CODE
Language code of text/sound track or separate title eng
Language code of original rus
082 04 - DEWEY DECIMAL CLASSIFICATION NUMBER
Classification number 891.733
Author mark and year SHO 1952
090 ## - LOCALLY ASSIGNED LC-TYPE CALL NUMBER (OCLC); LOCAL CALL NUMBER (OCLC)
Classification number (OCLC) (R) ; Classification number, CALL (RLIN) (NR) PG3276
Local cutter number (OCLC) ; Book number/undivided call number, CALL (RLIN) .T6
245 00 - TITLE STATEMENT
Title Short stories by russian authors /
Statement of responsibility, etc. [translated by R. S. Townsend].
260 ## - PUBLICATION, DISTRIBUTION, ETC. (IMPRINT)
Place of publication, distribution, etc. London :
Name of publisher, distributor, etc. J.M. Dent ;
Place of publication, distribution, etc. New York :
Name of publisher, distributor, etc. E.P. Dutton,
Date of publication, distribution, etc. 1924 [Reprinted 1952].
300 ## - PHYSICAL DESCRIPTION
Pagination xi, 280 p. ;
Size 18 cm.
490 1# - SERIES STATEMENT
Series statement Everyman's library. Fiction. ;
Volume/sequential designation [no. 758]
650 #0 - SUBJECT ADDED ENTRY--TOPICAL TERM
Topical term or geographic name as entry element Short stories, Russian
General subdivision Translations into English.
9 (RLIN) 70121
Topical term or geographic name as entry element Short stories, English
General subdivision Translations from Russian.
9 (RLIN) 70122
Topical term or geographic name as entry element Russian fiction
General subdivision Translations into English.
9 (RLIN) 70123
700 1# - ADDED ENTRY--PERSONAL NAME
Personal name Townsend, R. S.
830 #0 - SERIES ADDED ENTRY--UNIFORM TITLE
Volume number/sequential designation [no. 758]
830 #0 - SERIES ADDED ENTRY--UNIFORM TITLE
Uniform title Everyman's library.
942 ## - ADDED ENTRY ELEMENTS (KOHA)
Source of classification or shelving scheme Dewey Decimal Classification
Koha item type Books
Holdings
Lost status Source of classification or shelving scheme Damaged status Not for loan Permanent Location Current Location Shelving location Date acquired Source of acquisition Cost, normal purchase price Total Checkouts Full call number Date last seen Copy number Koha item type
  Dewey Decimal Classification   Added to bundle Central Library, University of Rajshahi Central Library, University of Rajshahi Reading Room 27/09/1955 B. H. Black Well 5.00   891.733 SHO 1952 09/03/2014 C-1 Books